000 00618nam a2200241Ia 4500
003 OSt
005 20221007100802.0
006 a|||||r|||| 00| 0
007 ta
008 221006b |||||||| |||| 00| 0 eng d
024 _a5,142
037 _cTextual
040 _aLCO
_cLCO
_beng
041 _2eng
_aeng
082 _aZ2,98:12, K8
100 _aGOPAL S
245 0 _aConveyanancing Precedents & forms
260 _aLucknow
_bEastern book company
_c1968
300 _a668
650 _aCONVEYANCING LAW
_9702100
942 _hZ2,98:12, K8
_cTEXL
999 _c1174705
_d1174705